| 000 | 00503nam a22001817a 4500 | ||
|---|---|---|---|
| 003 | NUST - PNEC | ||
| 005 | 20170116181206.0 | ||
| 008 | 161118b xxu||||| |||| 00| 0 eng d | ||
| 020 | _a- | ||
| 040 | _cLIBRARY | ||
| 082 | _a796.48 RAZ | ||
| 100 |
_916843 _aRaza, Syed Javed |
||
| 245 |
_aSummer Olympics quiz book 1896-2016 (Urdu) _cSyed Javed Raza |
||
| 260 |
_aKarachi: _bAl Asar Publishers; _c2016 |
||
| 300 |
_a234 pages _c25 cm |
||
| 650 |
_916844 _aSports, Olympic _xGeneral |
||
| 942 |
_2ddc _cBK |
||
| 999 |
_c71645 _d71645 |
||